| 000 | 00470nam a22001577a 4500 | ||
|---|---|---|---|
| 003 | CEME | ||
| 005 | 20210628210518.0 | ||
| 008 | 210209b xxu||||| |||| 00| 0 eng d | ||
| 040 | _c. | ||
| 082 | _a005.3 BRA | ||
| 100 |
_aBradley, Floyd Tuttmon Sherman, Nancy _979719 |
||
| 245 | _aDesktop publishing using page maker for macintosh 6.0 | ||
| 260 |
_aNEW YORK _bIRWIN _c1997 |
||
| 650 |
_aDESKTOP PUBLISHING USING PAGE MAKER FOR MACINTOSH 6.0 _979720 |
||
| 942 |
_cBK _2ddc |
||
| 999 |
_c584722 _d584722 |
||